Public procurement (Record no. 105601)

MARC details
000 -LEADER
fixed length control field 01151cam a2200241 4500
001 - CONTROL NUMBER
control field ##L134226
008 - FIXED-LENGTH DATA ELEMENTS--GENERAL INFORMATION
fixed length control field 060718n2006 000 0 eng u
020 ## - INTERNATIONAL STANDARD BOOK NUMBER
International Standard Book Number 0110738853
035 ## - SYSTEM CONTROL NUMBER
System control number (Sirsi) u134226
041 0# - LANGUAGE CODE
Language code of text/sound track or separate title eng
245 00 - TITLE STATEMENT
Title Public procurement
Remainder of title England and Wales
-- Public procurement
-- Northern Ireland
-- The public contracts regulations 2006
260 ## - PUBLICATION, DISTRIBUTION, ETC.
Place of publication, distribution, etc. London
Name of publisher, distributor, etc. TSO
Date of publication, distribution, etc. 2006
490 ## - SERIES STATEMENT
Series statement (SI
Volume/sequential designation 5 2006)
520 ## - SUMMARY, ETC.
Summary, etc. These regulations, which came into effect on 31 January 2006, implement the new Public Sector Procurement Directive 2004/18/EC, which contains revised rules for the procurement of supplies, works and services, above certain thresholds, by public authorities, and re-enact the provisions of existing directive 89/665/EEC, on remedies for public sector procurement.
650 24 - SUBJECT ADDED ENTRY--TOPICAL TERM
Topical term or geographic name entry element PUBLIC CONTRACTS REGULATIONS 2006
650 24 - SUBJECT ADDED ENTRY--TOPICAL TERM
Topical term or geographic name entry element DIRECTIVE 2004/18/EC
650 24 - SUBJECT ADDED ENTRY--TOPICAL TERM
Topical term or geographic name entry element DIRECTIVE 89/665/EEC
651 #4 - SUBJECT ADDED ENTRY--GEOGRAPHIC NAME
Geographic name England and Wales
Chronological subdivision 1543-
651 #4 - SUBJECT ADDED ENTRY--GEOGRAPHIC NAME
Geographic name NORTHERN IRELAND
690 ## - LOCAL SUBJECT ADDED ENTRY--TOPICAL TERM (OCLC, RLIN)
Topical term or geographic name as entry element Procurement
9 (RLIN) 6260
856 41 - ELECTRONIC LOCATION AND ACCESS
Uniform Resource Identifier <a href="https://www.opsi.gov.uk/si/si2006/20060005.htm">https://www.opsi.gov.uk/si/si2006/20060005.htm</a>
Public note View the item free of charge at www.opsi.gov.uk/...
942 ## - ADDED ENTRY ELEMENTS (KOHA)
Suppress in OPAC 0
Holdings
Withdrawn status Lost status Source of classification or shelving scheme Damaged status Not for loan Home library Current library Shelving location Date acquired Total Checkouts Full call number Barcode Date last seen Copy number Price effective from Koha item type
    Dewey Decimal Classification     Virtual Virtual Online 18/07/2006   ONLINE PUBLICATION 134226-1001 06/08/2019 1 06/08/2019 Book